I fiumi delle civiltà antiche - Statistics

Statistiche generali
  • Questo quiz è stato fatto 69 volte
  • Il punteggio medio è 6 su 9
Statistiche sulle risposte
Civiltà Fiume % Corretto
Sumeri Tigri / Eufrate
97%
Egizi Nilo
95%
Romani Tevere
87%
Babilonesi Eufrate
74%
Cinesi Fiume Giallo
64%
Assiri Tigri
64%
Ebrei Giordano
54%
Maurya Gange
33%
Harappa Indo
26%
Nessun quiz corrispondente trovato
Distribuzione punteggi
Percentuale di utenti per punteggio
Percentile per numero di risposta
I tuoi punteggi nel tempo
Non hai fatto questo quiz